[Event "Florianopolis op 9th"]
[Site "Florianopolis"]
[Date "2023.01.26"]
[Round "5"]
[White "Cuenca Jimenez, Jose Fernando"]
[Black "Sergio, Claudio Santos"]
[Result "1-0"]
[WhiteElo "2545"]
[BlackElo "1981"]
[PlyCount "53"]
[EventDate "2023.01.23"]
[EventType "swiss"]
[EventRounds "10"]
[EventCountry "BRA"]
[SourceTitle "CBM 212 Extra"]
[Source "ChessBase"]
[SourceDate "2023.03.31"]
[SourceVersion "1"]
[SourceVersionDate "2023.03.31"]
[SourceQuality "1"]

1. d4 d5 2. c4 e6 3. Nf3 f5 4. Nc3 Nf6 5. Bf4 c6 6. e3 Bd6 7. Bd3 0-0 8. 0-0 Qe7 9. Qc2 Ne4 10. Bxd6 Qxd6 11. Bxe4 fxe4 12. Nd2 Nd7 13. f3 exf3 14. Nxf3 Nf6 15. e4 Ng4 16. Rae1 Qf4 17. Qe2 Qh6 18. h3 Nf6 19. Ne5 dxc4 20. Qxc4 Nd7 21. Rxf8+ Nxf8 22. Qc5 Nd7 23. Qd6 Nf8 24. Rf1 g6 25. Qe7 Qg7 26. Rf7 Qh6 27. Ng4 1-0

[Event "Florianopolis Winter op 6th"]
[Site "Florianopolis"]
[Date "2022.07.16"]
[Round "8"]
[White "De Freitas, Isabella Ribeiro Co"]
[Black "Sergio, Claudio Santos"]
[Result "1-0"]
[WhiteElo "1878"]
[BlackElo "2009"]
[PlyCount "49"]
[EventDate "2022.07.13"]
[EventType "swiss"]
[EventRounds "9"]
[EventCountry "BRA"]
[SourceTitle "CBM 209 Extra"]
[Source "ChessBase"]
[SourceDate "2022.09.30"]
[SourceVersion "1"]
[SourceVersionDate "2022.09.30"]
[SourceQuality "1"]

1. e4 e5 2. Nf3 Nc6 3. d4 exd4 4. Bc4 Nf6 5. e5 d5 6. Bb5 Ne4 7. Nxd4 Bd7 8. Bxc6 bxc6 9. 0-0 Bc5 10. f3 Ng5 11. f4 Ne6 12. Be3 g6 13. Kh1 Bb6 14. c4 Bxd4 15. Bxd4 c5 16. Be3 d4 17. Bc1 Bc6 18. Nd2 Ng7 19. Qc2 Nf5 20. Ne4 Bxe4 21. Qxe4 0-0 22. g4 Ng7 23. f5 Qh4 24. Bd2 Nxf5 25. Be1 1-0

[Event "Florianopolis Winter op 6th"]
[Site "Florianopolis"]
[Date "2022.07.16"]
[Round "7"]
[White "Sergio, Claudio Santos"]
[Black "Boabaid, Jorge Alberto Duard"]
[Result "1-0"]
[WhiteElo "2009"]
[BlackElo "1772"]
[PlyCount "65"]
[EventDate "2022.07.13"]
[EventType "swiss"]
[EventRounds "9"]
[EventCountry "BRA"]
[SourceTitle "CBM 209 Extra"]
[Source "ChessBase"]
[SourceDate "2022.09.30"]
[SourceVersion "1"]
[SourceVersionDate "2022.09.30"]
[SourceQuality "1"]

1. d4 Nf6 2. e3 d5 3. Bd3 Nc6 4. c3 e5 5. f4 e4 6. Bb5 a6 7. Ba4 b5 8. Bb3 Bg4 9. Ne2 Na5 10. Bc2 Nh5 11. 0-0 Qh4 12. Qe1 Qd8 13. Ng3 Nxg3 14. Qxg3 h5 15. b3 Be7 16. f5 Nc6 17. Ba3 Bh4 18. Qf4 Be2 19. Rc1 g5 20. fxg6 fxg6 21. Bxe4 dxe4 22. Qxe4+ Kf7 23. Qxc6 Re8 24. Nd2 Kg7 25. Nf3 Bd3 26. Nxh4 Be4 27. Qc5 Qxh4 28. Qxc7+ Kg8 29. Qf4 Qd8 30. Rf1 Ra7 31. Rf2 Bf5 32. Raf1 Re4 33. Qxe4 1-0

[Event "Goiania-ch Phase 03"]
[Site "Goiania"]
[Date "2014.08.09"]
[Round "3"]
[White "Boucher, Daniel Ricardo"]
[Black "Sergio, Claudio Santos"]
[Result "0-1"]
[WhiteElo "1765"]
[BlackElo "2034"]
[PlyCount "110"]
[EventDate "2014.08.08"]
[EventType "swiss"]
[EventRounds "6"]
[EventCountry "BRA"]
[SourceTitle "CBM 162 Extra"]
[Source "ChessBase"]
[SourceDate "2014.10.17"]
[SourceVersion "1"]
[SourceVersionDate "2014.10.17"]
[SourceQuality "1"]

1. d4 d6 2. c4 e5 3. Nf3 e4 4. Nfd2 f5 5. f4 Nf6 6. g3 a5 7. e3 Ng4 8. Qe2 Na6 9. a3 c5 10. h3 Nf6 11. Bg2 cxd4 12. exd4 Qb6 13. Qe3 d5 14. Nc3 Be6 15. b3 0-0-0 16. Na4 Qc6 17. c5 Nd7 18. Nb6+ Nxb6 19. cxb6 Qxb6 20. Bb2 Kb8 21. 0-0 Nc5 22. Kh2 Nd3 23. Bc3 Rc8 24. Nb1 Qxb3 25. Bxa5 Bd6 26. Nd2 Qb5 27. Bb4 Bxb4 28. axb4 Rc2 29. Rfb1 Rhc8 30. Nb3 R8c3 31. Nc5 Nxc5 32. bxc5 Qc4 33. Qg1 Bd7 34. h4 Qd3 35. Qe1 Qf3 36. Rxb7+ Kxb7 37. Qb1+ Rb3 38. Qxc2 Qxg3+ 39. Kg1 Qe3+ 40. Kh1 Qc3 41. Qa2 Kc7 42. Qa8 Rb7 43. Qa6 Bc6 44. Rd1 Qb3 45. Qe2 g6 46. h5 Qg3 47. Kg1 Qxf4 48. hxg6 hxg6 49. Qe1 Rb2 50. Qa5+ Kd7 51. Qe1 Qg5 52. Qf1 Bb5 53. c6+ Kc7 54. Qf2 Rxf2 55. Kxf2 f4 0-1

[Event "Goiania-ch Phase 02"]
[Site "Goiania"]
[Date "2014.05.24"]
[Round "3"]
[White "Rocha, Wesley Rodrigues"]
[Black "Sergio, Claudio Santos"]
[Result "0-1"]
[WhiteElo "1832"]
[BlackElo "2049"]
[PlyCount "76"]
[EventDate "2014.05.23"]
[EventType "swiss"]
[EventRounds "6"]
[EventCountry "BRA"]
[SourceTitle "EXT 2016"]
[Source "ChessBase"]
[SourceDate "2015.10.08"]
[SourceVersion "1"]
[SourceVersionDate "2015.10.08"]
[SourceQuality "1"]

1. d4 d5 2. Nf3 f5 3. e3 Nf6 4. Be2 e6 5. c4 c6 6. Nc3 Bd6 7. Qb3 0-0 8. g3 Nbd7 9. Ng5 Qe7 10. c5 Bc7 11. f4 h6 12. Nf3 Ne4 13. Nh4 Qf7 14. Nxe4 fxe4 15. Bd2 b6 16. cxb6 axb6 17. 0-0 c5 18. Rf2 cxd4 19. exd4 e5 20. Qe3 exd4 21. Qxd4 Bd6 22. Be3 Nc5 23. Qd1 Ba6 24. Rf1 Bxe2 25. Qxe2 Qf6 26. Qd2 Nd3 27. Qc3 Bc5 28. Bxc5 bxc5 29. Ng2 Qd4+ 30. Qxd4 cxd4 31. b3 Ra3 32. Rfd1 Rc8 33. Rd2 Rca8 34. Ne1 Nxe1 35. Rxe1 d3 36. Rb2 Rxa2 37. Rxa2 Rxa2 38. Rb1 e3 0-1

[Event "Goias Interior-ch "]
[Site "Trindade"]
[Date "2013.08.16"]
[Round "1"]
[White "Santos, Luciano da Silva"]
[Black "Sergio, Claudio Santos"]
[Result "0-1"]
[WhiteElo "1882"]
[BlackElo "2060"]
[PlyCount "58"]
[EventDate "2013.08.16"]
[EventType "swiss"]
[EventRounds "6"]
[EventCountry "BRA"]
[SourceTitle "EXT 2015"]
[Source "ChessBase"]
[SourceDate "2014.11.20"]
[SourceVersion "1"]
[SourceVersionDate "2014.11.20"]
[SourceQuality "1"]

1. c4 f5 2. Nf3 Nf6 3. g3 e6 4. Bg2 d5 5. b3 c6 6. 0-0 Bd6 7. Bb2 0-0 8. d3 Qe7 9. Ne5 Nbd7 10. Nxd7 Bxd7 11. Nd2 e5 12. e4 dxe4 13. dxe4 Rad8 14. Qe2 Bc5 15. a3 a5 16. Kh1 f4 17. Nf3 fxg3 18. fxg3 Ng4 19. h3 Ne3 20. Rfe1 Nxg2 21. Kxg2 Rxf3 22. Qxf3 Rf8 23. Qc3 Rf2+ 24. Kh1 Bd4 25. Qxa5 Qf8 26. Re3 Rf1+ 27. Rxf1 Qxf1+ 28. Kh2 Qxh3+ 29. Kg1 Bxe3# 0-1

[Event "Goiania op"]
[Site "Goiania"]
[Date "2013.03.08"]
[Round "2"]
[White "Silva, Gustavo Queiroz Dos"]
[Black "Sergio, Claudio Santos"]
[Result "0-1"]
[WhiteElo "1934"]
[BlackElo "2073"]
[PlyCount "128"]
[EventDate "2013.03.08"]
[EventType "swiss"]
[EventRounds "6"]
[EventCountry "BRA"]
[SourceTitle "EXT 2015"]
[Source "ChessBase"]
[SourceDate "2014.11.20"]
[SourceVersion "1"]
[SourceVersionDate "2014.11.20"]
[SourceQuality "1"]

1. e4 e5 2. Nf3 Nc6 3. Bc4 f5 4. d3 Nf6 5. Ng5 d5 6. exd5 b5 7. dxc6 bxc4 8. dxc4 Qxd1+ 9. Kxd1 Ba6 10. b3 Rd8+ 11. Ke2 Rd6 12. Rd1 Rxc6 13. Be3 e4 14. h4 Bb4 15. Bxa7 0-0 16. Nh3 Ra8 17. Be3 Rxc4 18. bxc4 Bxc4+ 19. Rd3 Rd8 20. Nf4 Nd5 21. Nxd5 Rxd5 22. Nd2 exd3+ 23. cxd3 Bxd3+ 24. Kf3 Bxd2 25. Bxd2 Be4+ 26. Ke2 Bxg2 27. Rc1 c6 28. Rc3 Kf7 29. Be3 Ra5 30. a3 Ra4 31. f3 Ra6 32. Rb3 Kg6 33. Kf2 Bh3 34. Rc3 Kh5 35. Kg3 Bf1 36. Bd4 g5 37. hxg5 Kxg5 38. f4+ Kg6 39. Bc5 Ra8 40. Bb4 Bb5 41. Re3 Bc4 42. Rc3 Bd5 43. Bd6 Rd8 44. Be5 Be4 45. a4 Rd3+ 46. Rxd3 Bxd3 47. a5 Kf7 48. Kh4 Ke8 49. Kg5 c5 50. Kh6 Kd7 51. Kxh7 Kc6 52. Kg6 Kb5 53. Bc3 Kc4 54. Bd2 Kd5 55. Kf6 Kd4 56. Ke6 Ba6 57. Kd6 c4 58. Ke6 Kd3 59. Bb4 Bc8+ 60. Kf6 Ke4 61. Bc3 Kxf4 62. Bd2+ Ke4 63. Kg5 Be6 64. Bc3 f4 0-1

[Event "BRA-ch Amateur"]
[Site "Sao Paulo"]
[Date "2013.02.11"]
[Round "6"]
[White "Rodrigues, Leonardo De Miranda"]
[Black "Sergio, Claudio Santos"]
[Result "1-0"]
[WhiteElo "2019"]
[BlackElo "2049"]
[PlyCount "49"]
[EventDate "2013.02.09"]
[EventType "swiss"]
[EventRounds "7"]
[EventCountry "BRA"]
[SourceTitle "CBM 152 Extra"]
[Source "ChessBase"]
[SourceDate "2013.02.25"]
[SourceVersion "1"]
[SourceVersionDate "2013.02.25"]
[SourceQuality "1"]

1. d4 d5 2. Nf3 f5 3. c4 e6 4. Bg5 Be7 5. Bxe7 Qxe7 6. Nc3 c6 7. e3 Nf6 8. Bd3 0-0 9. Qb3 Nbd7 10. cxd5 cxd5 11. Rc1 a6 12. 0-0 Ne4 13. Rc2 b5 14. Nxd5 Qd6 15. Nc7 Ndc5 16. dxc5 Qxc7 17. Nd4 Rf6 18. Nxf5 Rxf5 19. Bxe4 Rh5 20. g3 Ra7 21. Rd1 Qe7 22. c6 Kh8 23. Qb4 Qf6 24. Qd4 Qf8 25. Qxa7 1-0

[Event "Aparecida Miranda Memorial"]
[Site "Aparecida"]
[Date "2011.06.24"]
[Round "5"]
[White "Sergio, Claudio Santos"]
[Black "Oliveira, Tiago Batista"]
[Result "1-0"]
[WhiteElo "2040"]
[BlackElo "2075"]
[PlyCount "83"]
[EventDate "2011.06.22"]
[EventType "tourn"]
[EventRounds "9"]
[EventCountry "BRA"]
[SourceTitle "CBM 143 Extra"]
[Source "ChessBase"]
[SourceDate "2011.08.29"]
[SourceVersion "1"]
[SourceVersionDate "2011.08.29"]
[SourceQuality "1"]

1. e4 e5 2. Nc3 Nc6 3. g3 Bc5 4. Bg2 Nf6 5. Nge2 a6 6. d3 d6 7. Bg5 h6 8. Be3 Bxe3 9. fxe3 Ng4 10. Qd2 Be6 11. h3 Nf6 12. d4 d5 13. 0-0-0 0-0 14. Rdf1 Nxe4 15. Bxe4 exd4 16. exd4 dxe4 17. d5 e3 18. Qd1 Bd7 19. dxc6 Bxc6 20. Rh2 Qg5 21. h4 Qa5 22. Nd4 Bb5 23. Rf5 Rad8 24. Qg4 Qb4 25. Rf4 h5 26. Ndxb5 Qe7 27. Qxh5 axb5 28. Re2 c6 29. Ne4 f6 30. Rxe3 Rd5 31. Qe2 Re5 32. g4 Re8 33. h5 Kh8 34. Qg2 Qb4 35. c3 Qa4 36. b3 Qa3+ 37. Qb2 Qe7 38. Qc2 b6 39. h6 g5 40. Rxf6 Rxe4 41. Rxe4 Qxe4 42. Rf8+ 1-0